Two 'M' Words by One Hint (Volume 2) Quiz Stats

 Plays Quiz not verified by Sporcle

Score 0/20 Timer 04:00
22 Plays Today
% Correct
Mamma Mia
95.7%
Mother's Milk
95.5%
Money Market
95.2%
Meatless Monday
94.9%
Maid Marian
92.3%
Manchester Metrolink
91.4%
Marilyn Monroe
90.8%
Macho Man
89.7%
Mike Myers
88.9%
Manitoba Moose
88%
% Correct
Minerva McGonagall
86.4%
Magic Mike
83.1%
Missouri Mule
82.3%
Mexican Muralism
81.5%
Mayflower Madam
78.6%
Made Man
69.6%
Mrs. Miniver
63.5%
Moral Majority
63.4%
Malcolm McLaren
62.4%
Mr. Majestyk
58.9%

You're not logged in!

Compare scores with friends on all Sporcle quizzes.
OR
Log In

Show Comments

Extras

Top Quizzes Today


Score Distribution

Your Account Isn't Verified!

In order to create a playlist on Sporcle, you need to verify the email address you used during registration. Go to your Sporcle Settings to finish the process.

Report this User

Report this user for behavior that violates our Community Guidelines.

Details: